| 000 | 01069cam a22002651i 4500 | ||
|---|---|---|---|
| 003 | SA-RiAUC | ||
| 005 | 20251008061159.0 | ||
| 008 | 241127s1997 mr g f000 0 ara c | ||
| 040 |
_aEG-CaDAJ _bara _cSA-RiAUC _erda |
||
| 082 | 0 | 4 |
_a251 _qSA-RiAUC |
| 090 |
_a251 _bق ر ا |
||
| 100 | 1 |
_aالقرافي، أحمد بن إدريس بن عبد الرحمن، _d626-684 هجري _eمؤلف. |
|
| 245 | 1 | 2 |
_aالعقد المنظوم في الخصوص والعموم / _cأبو العباس القرافي ؛ تحقيق محمد علوي بنصر. |
| 264 | 1 |
_a[اقاهرة] : _bدار الكتبي، _c1999 |
|
| 300 |
_a2 مجلد ؛ _c24 سم |
||
| 336 |
_aنص _btxt _2rdacontent _3كتاب |
||
| 337 |
_aبدون وسيط _bn _2rdamedia |
||
| 338 |
_aمجلد _bnc _2rdacarrier |
||
| 650 | 7 |
_aأصول الفقه الإسلامي _2aucsh |
|
| 650 | 7 |
_aالقواعد الفقهية _2aucsh |
|
| 650 | 7 |
_aالحكم (أصول فقه) _2aucsh |
|
| 700 | 1 |
_aعلوي بنصر، محمد _eمحقق. |
|
| 942 |
_2ddc _cBOOK _n0 |
||
| 949 |
_aSA-JeALM _d241127 _uosman123 _n1 |
||
| 999 |
_c12469 _d12469 |
||